| 000 | 00745nmm a2200265 a 4500 | ||
|---|---|---|---|
| 003 | AR-BaBNM | ||
| 005 | 20251128205533.0 | ||
| 008 | 037119s1951 ||||||||||||||000 | spa|| | ||
| 040 | _cAR-BaBNM | ||
| 100 | 1 | _aCaba, Pedro | |
| 245 | 1 | 0 |
_aEuropa se apaga _bla psicología de la historia y la interpretación de nuestro tiempo |
| 260 |
_aMadrid _b[s.n.] _c1951 |
||
| 300 | _a511 p. | ||
| 600 | 1 | 4 | _aTaine, Hippolyte Adolphe |
| 600 | 1 | 4 | _aDilthey, Wilhelm |
| 600 | 1 | 4 |
_aOrtega y Gasset, José _d1883-1955 |
| 650 | 4 | _aHISTORIOGRAFIA | |
| 650 | 4 | _aHISTORIADORES | |
| 650 | 4 | _aANALISIS HISTORICO | |
| 650 | 4 | _aMETODO HISTORICO | |
| 650 | 4 | _aINVESTIGACION HISTORICA | |
| 650 | 4 | _aESCRITURA HISTORICA | |
| 942 | _cBK | ||
| 998 | _cMariana | ||
| 999 |
_c11792 _d11792 |
||